00510 2200205 4500001002100000005001500021035002000036007000300056008004100059020001800100082001300118084002000131100001900151245003800170250000600208260002500214300003800239650001000277700001700287INLIS00000000000204220260224084801 a0010-0226000052ta260224 d 1 ind  a957-699-691-0 a741.5592 a741.5592 ABI d0 aAbiko Takemaru1 aDetectif Club 2 /cAbiko Takemaru a- aSleman :bYuki Comic a194 hlm. :bilus. ;c11.5 x 17 cm aKomik0 aKawachi Mika